| 000 | 01229cam a22003617a 4500 | ||
|---|---|---|---|
| 003 | CHAP | ||
| 005 | 20220329133140.0 | ||
| 008 | 971013s1990 r 00010 d | ||
| 010 | _a2712 | ||
| 011 | _a3684 | ||
| 035 | _a2885 | ||
| 040 | _cCHAP | ||
| 090 | _aTesis | ||
| 100 | 0 | 0 |
_aPérez Verdín, Gustavo. _990084 |
| 245 | 0 | _aDeterminación de índices de sitio para Pinus arzonica Engelm en la región noreste del estado de Durango | |
| 260 |
_aChapingo, Méx. : _bEl autor, _c1990 |
||
| 300 |
_a92 h. _b; gráfs. |
||
| 502 | _aTesis (Ing. Forestal) -- UACH. División de Ciencias Forestales | ||
| 590 |
_aALEPH _b10 _c20130110 _lUCH01 _h1213 |
||
| 590 |
_aBATCH-UPD _b10 _c20130109 _lUCH01 _h2326 |
||
| 590 |
_aBATCH-UPD _b10 _c20130110 _lUCH01 _h1717 |
||
| 590 |
_aBATCH-UPD _b10 _c20130409 _lUCH01 _h1850 |
||
| 590 |
_aBATCH-UPD _b10 _c20130410 _lUCH01 _h1102 |
||
| 590 |
_aBATCH-UPD _b10 _c20130914 _lUCH01 _h1631 |
||
| 590 |
_aCONVERSION _b10 _c20130109 _lUCH01 _h1303 |
||
| 650 | 1 | 4 |
_aIndices de localidad. _957571 |
| 650 | 1 | 4 |
_aPináceas _zDurango. _988273 |
| 650 | 1 | 4 |
_aPinus arizonica. _988319 |
| 901 | _aBK | ||
| 942 | _cTESIS | ||
| 949 |
_bBC _cTES _d-12393 _eTS1 _h24851 _i2885 _si |
||
| 949 |
_bDCF _cTES _d-4262 _eTS1 _i2885 _si |
||
| 999 |
_c2712 _d2712 |
||